000 00379 a2200133 4500
005 20250415094126.0
020 _a0-256-10047-0
082 _a657.072 WAL
100 _aWALLACE, W. A.
245 _aAccounting Research Methods: Do the Facts Speak for Themselves?
260 _aBoston,
_bIrwin,
_c1991.
300 _axvii,105p.: ill.; figure, table.
_bIndex.
_c25cm.
942 _2ddc
_cBKS
999 _c1437
_d1437